<?xml version="1.0" encoding="UTF-8"?>
<record
    xmlns:xsi="http://www.w3.org/2001/XMLSchema-instance"
    xsi:schemaLocation="http://www.loc.gov/MARC21/slim http://www.loc.gov/standards/marcxml/schema/MARC21slim.xsd"
    xmlns="http://www.loc.gov/MARC21/slim">

  <leader>01849    a2200205   4500</leader>
  <controlfield tag="001">29301</controlfield>
  <controlfield tag="005">20260407155602.0</controlfield>
  <controlfield tag="008">260407a1977    arg                 spa d</controlfield>
  <controlfield tag="003">AR-UNSa-BCEJYS</controlfield>
  <datafield tag="040" ind1=" " ind2=" ">
    <subfield code="a">AR-UNSa-BCEJYS</subfield>
    <subfield code="b">spa</subfield>
    <subfield code="c">AR-UNSa-BCEJYS</subfield>
  </datafield>
  <datafield tag="080" ind1=" " ind2=" ">
    <subfield code="a">658.14</subfield>
    <subfield code="x">Financiaci&#xF3;n. Financiaci&#xF3;n de las empresas. Obtenci&#xF3;n de capital</subfield>
  </datafield>
  <datafield tag="245" ind1="1" ind2="0">
    <subfield code="a">El presupuesto de bienes de capital</subfield>
    <subfield code="p">la toma de decisiones</subfield>
  </datafield>
  <datafield tag="264" ind1=" " ind2="1">
    <subfield code="a">M&#xE9;xico :</subfield>
    <subfield code="b">Fondo de Cultura Econ&#xF3;mica</subfield>
    <subfield code="c">1977</subfield>
  </datafield>
  <datafield tag="300" ind1=" " ind2=" ">
    <subfield code="a">462 p.</subfield>
    <subfield code="c">24 cm.</subfield>
  </datafield>
  <datafield tag="505" ind1=" " ind2=" ">
    <subfield code="a">1. El problema de la administrac&#xF3;n de capital - 2. Ilustraci&#xF3;n de la medidas del valor de la inversi&#xF3;n - 3. El valor presente y la tasa de rendimiento - 4. El significado del valor presente - 5. Clasificaci&#xF3;n de la inversiones - 6. El uso de los flujos de efectivo en la evaluaci&#xF3;n de las inversiones - 7. Impuesto al ingreso de las empresas y decisiones de inversi&#xF3;n - 8. La administraci&#xF3;n del capital bajo racionamiento - Parte II: 9. Introducci&#xF3;n a la incertidumbre - 10. Introducci&#xF3;n al an&#xE1;lisis de cartera - 11. El modelo de precios de los activos de capital - 12. Aplicaci&#xF3;n del modelo de precios de los activos de capital a inversones de varios periodos - 13. La incertidumbre y los inversionistas no diversificados - 14. Comprar o rentar - 15. Los conceptos contables compatibles con los c&#xE1;lculos el valor presente - 16. La administraci&#xF3;n de capital y la inflaci&#xF3;n - 17. La cronolog&#xED;a de la inversi&#xF3;n - 18. Evaluaci&#xF3;n de la propuesta de inversi&#xF3;n privada: Un punto de vista de la econom&#xED;a nacional - Parte IV: 20. El empleo de las carteras de inversi&#xF3;n para cambiar los riesgos - 21. Modelos para el an&#xE1;lisis de cartera - 22. Racionamiento del capital: Un enfoque de programaci&#xF3;n. </subfield>
  </datafield>
  <datafield tag="942" ind1=" " ind2=" ">
    <subfield code="c">BK</subfield>
  </datafield>
  <datafield tag="590" ind1=" " ind2=" ">
    <subfield code="a">niveau_biblio:m niveau_hierar:0</subfield>
  </datafield>
  <datafield tag="100" ind1="1" ind2=" ">
    <subfield code="a">Bierman, Harold</subfield>
  </datafield>
  <datafield tag="700" ind1="1" ind2=" ">
    <subfield code="a">Smidt, Seymour</subfield>
  </datafield>
  <datafield tag="999" ind1=" " ind2=" ">
    <subfield code="c">1845</subfield>
    <subfield code="d">1845</subfield>
  </datafield>
  <datafield tag="952" ind1=" " ind2=" ">
    <subfield code="0">0</subfield>
    <subfield code="1">0</subfield>
    <subfield code="4">0</subfield>
    <subfield code="7">0</subfield>
    <subfield code="a">BCEJYS</subfield>
    <subfield code="b">BCEJYS</subfield>
    <subfield code="c">16</subfield>
    <subfield code="d">2026-04-07</subfield>
    <subfield code="l">0</subfield>
    <subfield code="o">658.14 B586</subfield>
    <subfield code="p">L53386</subfield>
    <subfield code="r">2026-04-07 15:56:02</subfield>
    <subfield code="w">2026-04-07</subfield>
    <subfield code="y">L</subfield>
  </datafield>
</record>
